000 00241nam a2200097Ia 4500
005 20251222114351.0
008 251222s1900||||xx |||||||||||||| ||spa||
082 _aDVD0124/L65/2001
245 0 _aElevation 2001: U2 Live From Boston:
942 _cDVD
999 _c1245
_d1245